000 00684nam a2200241 i 4500
001 C2-0148370
003 PPAK
005 20180727131541.0
008 980322s1996 my |||| ||||| | may d
020 _a983624929X
040 _aPPAK
_beng
_cPPAK
_erda
082 0 4 _a595.703
_223
090 0 0 _a595.703
_bKAM
_dR
245 0 0 _aKamus biologi :
_bentomologi
264 1 _aKuala Lumpur :
_bDewan Bahasa dan Pustaka ,
_c1996
300 _axv, 150 pages ;
_c21 cm
336 _2rdacontent
_atext
337 _2rdamedia
_aunmediated
338 _2rdacarrier
_avolume
650 1 0 _aEntomology - Dictionaries
700 1 _aTang, Keng Hong ; Jambari Haji Ali,
_ecompile
942 _ddc
_cB
999 _c46970
_d46970